[Event "RUS-ch Superfinal"]
[Site "Moscow"]
[Date "2006.12.14"]
[Round "10"]
[White "Rublevsky, Sergei"]
[Black "Svidler, Peter"]
[Result "1/2-1/2"]
[WhiteElo "2688"]
[BlackElo "2750"]
[Annotator "Ftacnik,L"]
[PlyCount "93"]
[EventDate "2006.12.03"]
[EventType "tourn"]
[EventRounds "11"]
[EventCountry "RUS"]
[EventCategory "15"]
[SourceTitle "CBM 116"]
[Source "ChessBase"]
[SourceDate "2007.02.01"]
[SourceVersion "1"]
[SourceVersionDate "2007.02.01"]
[SourceQuality "1"]

1. e4 c5 2. Nf3 d6 3. d4 cxd4 4. Nxd4 Nf6 5. Nc3 a6 6. Bc4 e6 7. Bb3 Nbd7 8.
Bg5 Qa5 9. Bxf6 Nxf6 10. O-O {White is playing with a clear goal of using his
development advantage in order to cause the maximal demage.} Nd7 (10... b5 11.
e5 dxe5 12. Qf3 exd4 13. Qxa8 Qc7 14. Ne4 Nd7 15. Ng3 Bc5 16. Kh1 O-O 17. Qe4
Bb7 18. Qe2 Qf4 $11 {1/2 Abergel,T (2474)-Bellaiche,A (2472)/Paris 2006/ (27)})
11. f4 Nc5 12. f5 Bd7 (12... Nxb3 13. axb3 Qe5 $6 14. b4 Be7 15. fxe6 fxe6 16.
Ndb5 Kd7 17. Na3 Bf6 18. Rxf6 Qxf6 19. Nc4 $16 {1-0 Nisipeanu,L (2695)-Paragua,
M (2617)/Turin 2006/ (24)}) (12... Be7 13. fxe6 fxe6 14. Qg4 (14. e5 $5 Nxb3
15. axb3 Qxe5 16. Ncb5 (16. Re1 Qf6 $13) 16... d5 17. Re1 Qb8 18. Nc3 $13)
14... g6 15. Rad1 $14) 13. fxe6 $146 {[%mdl 4] The first independent move
hopes to open up the position for the beter access f white pieces.} (13. Kh1
O-O-O 14. a3 Nxb3 15. cxb3 Be7 16. b4 Qe5 17. a4 Kb8 18. fxe6 Bxe6 19. Nf3 Qh5
20. Nd5 Bxd5 21. exd5 Rc8 22. b5 a5 23. Qd2 $11 {0-1 Nisipeanu,L-Naiditsch,A/
Sarajevo 2006/ (58)}) 13... fxe6 14. Qh5+ g6 15. Qf3 O-O-O (15... Nxb3 $2 16.
Qf7+ Kd8 17. Qf6+ Kc7 18. Nd5+ $1 exd5 19. axb3 Qd2 20. Qxh8 $16) 16. Qf6 Nxb3
$1 {Svidler playes with fire, but his counterattack comes in the right moment.}
17. Qxh8 (17. axb3 Qe5 18. Rad1 $11) 17... Nxa1 18. Rxf8 Rxf8 (18... e5 19. b4
$1 Qb6 (19... Rxf8 20. Qxf8+ Qd8 21. Qxd6 Qc7 22. Qf8+ Qd8 23. Qc5+ Qc7 24. Nf3
Nxc2 25. Nxe5 $14) 20. Kh1 $1 Rxf8 21. Qxf8+ Qd8 22. Qxd6 Qc7 23. Qf8+ Qd8 24.
Qc5+ Qc7 25. Nf3 Nxc2 26. Nxe5 $14) 19. Qxf8+ Kc7 20. Kf1 {The big critical
moment, when Rublevsky might have tried the irrational attacking sacrifice 20.
Nxe6+?! with vey unclear consequences. With best human play is the game
position probably equal.} (20. Kh1 Qb6 (20... Qg5 21. Qf1 $1) 21. Qg7 Kb8 $1
22. Qxd7 Qxd4 23. Qxe6 Nxc2 $11) (20. Nxe6+ $6 Bxe6 21. Qe7+ Bd7 22. Nd5+ Kc6
23. c3 $5 (23. b4 $5 Qxa2 $1 24. b5+ Kc5 $1 25. Qxd7 Qb1+ 26. Kf2 Qxc2+ $15)
23... Nc2 24. Nf6 $1 (24. h3 Qc5+ 25. Kh1 (25. Kh2 $2 Ne3 $1 26. Nf6 Qe5+ $19)
25... Qf2 26. Qd8 (26. Nf6 Bxh3 $1) 26... Qe1+ 27. Kh2 Qxe4 28. Ne7+ Kc5 29.
Qxd7 Ne3 $15) 24... Bc8 (24... Qc7 25. Nd5 Qb8 26. Qf6 $11) 25. Nd5 Qc5+ 26.
Kh1 Kb5 27. Qd8 $13) 20... Qb6 (20... Qc5 $5 21. Qf6 Qe5 $11) 21. Qg7 (21.
Nxe6+ Bxe6 22. Qe7+ Kb8 23. Qxe6 Ka7 $11) 21... Kb8 $1 (21... Qxb2 $2 22. Nd5+
$1 exd5 (22... Kb8 23. Qh8+ Ka7 24. Nc6+ $18) 23. Ne6+ $18) 22. Nce2 {White
his hoping to get some plus and avoids possible perpetual.} (22. Qxd7 Qxd4 23.
Qd8+ Ka7 24. Nb5+ axb5 25. Qa5+ $11) 22... Qc7 (22... Bc8 $5 23. e5 (23. Qxh7
e5 $1 24. Nb3 Nxc2 25. Qxg6 Ne3+ 26. Ke1 Bg4 $36) 23... Qc7 24. Qxc7+ Kxc7 25.
exd6+ (25. c3 dxe5 26. Nf3 Nc2) 25... Kxd6 26. c4 e5 27. Nf3 Nc2 $11) 23. c3 (
23. Qf8+ Ka7 24. Qf2 Qb6 $11) 23... e5 24. Nf3 Nc2 {Reportedly Rublevsky spent
a lot of time calculating the consequences of 24...Be6 line.} (24... Be6 25.
Qxc7+ Kxc7 26. Nc1 a5 $13) (24... Bb5 25. Qg8+ Ka7 26. Qd5 Qc4 27. Qxc4 Bxc4
28. b3 Bd3 29. Ng5 Kb6 $11) 25. Qxh7 Ne3+ $1 (25... Bb5 $2 26. Qxc7+ Kxc7 27.
Kf2 $16) 26. Kf2 $6 (26. Ke1 Ka7 (26... Nxg2+ 27. Kf2 Nf4 28. Nxf4 exf4 29. Nd4
$14) 27. h4 (27. Qxg6 Qb6 28. b4 Ng4 $15) 27... Qc6 28. Qxg6 Qb6 $13) 26...
Nd1+ 27. Kg3 $2 (27. Ke1 Nxb2 28. Qxg6 Bb5 $15) 27... Bb5 $1 {After few
inaccuracies white will have to fight for his dear life in the worse endgame.}
28. Qxc7+ (28. Qg8+ Ka7 29. Neg1 Qc5 30. Qxg6 Qf2+ 31. Kg4 Nxb2 $15) 28... Kxc7
29. Nc1 Nxb2 30. Nd2 Bc6 $5 31. Kg4 Nd1 (31... d5 $1 32. exd5 Bxd5 33. Kg5 Bxg2
$15) 32. Ne2 (32. c4 $5 Nc3 33. Kf3 Ba4 34. h4 $132) 32... Bb5 $1 33. c4 (33.
Ng3 Nxc3 34. a3 Bd3 $17) 33... Ne3+ 34. Kg5 Nxc4 35. Nxc4 Bxc4 36. Nc3 $2 {
It seems a bit absurd but the passive line 36.Nc1!? was preferable and
sufficient for the draw.} (36. Nc1 $5 d5 37. exd5 Bxd5 (37... e4 38. Kxg6 e3
39. h4 Bxa2 40. h5 Bxd5 41. h6 $11) 38. Kxg6 Bxg2 39. h4 $11) 36... b5 (36...
Kc6 $5 37. h4 (37. Kxg6 Kc5 38. h4 Kd4 39. h5 Kxc3 40. h6 Bd3 $1 41. Kf5 d5 $19
) 37... Kc5 38. g4 Kd4 39. h5 gxh5 40. gxh5 Kxc3 41. h6 Bg8 42. Kg6 d5 43. Kg7
dxe4 44. Kxg8 e3 45. h7 e2 46. h8=Q e1=Q $19) 37. a3 a5 (37... Kc6 $5 38. Kxg6
Kc5 39. Nd1 Kd4 40. h4 $15) 38. Kxg6 b4 39. axb4 axb4 40. Nd1 Bf1 $6 {Svidler
had a good chance to try various unpleasant ideas for his opponent, while the
text line makes it quite easy for Rublevsky to save his skin.} (40... Bd3 $5
41. Kf5 Bc2 42. Nb2 Kc6 43. h4 Kc5 44. h5 Kd4 45. h6 Bxe4+ 46. Kf6 Kc3 47. Na4+
Kb3 48. Nb6 Ka2 49. g4 (49. Ke6 Bh7 $17) 49... b3 50. Nc4 Bh7 (50... d5 $2 51.
Nd2 Bh7 52. Kxe5 $18) 51. g5 d5 52. Ne3 Bc2 53. Nxc2 bxc2 54. h7 c1=Q 55. h8=Q
$11) 41. Ne3 Bd3 (41... Bxg2 $2 42. Nxg2 b3 43. Ne3 b2 44. Nd5+ Kc6 45. Nc3 $18
) 42. Nd5+ Kd7 43. Nxb4 Bxe4+ 44. Kf6 Bxg2 45. Nd3 e4 (45... Be4 46. Nxe5+ $11)
46. Ne1 $1 Bh3 47. Kg5 {The scare is over for white as he can build up the
fortress on the squares d4 and e3.} (47. Kg5 d5 48. Kf4 Kd6 49. Nc2 $11)
1/2-1/2

[Event "UKR-ch 73rd"]
[Site "Kharkov"]
[Date "2004.08.28"]
[Round "3.1"]
[White "Volokitin, Andrei"]
[Black "Efimenko, Zahar"]
[Result "1-0"]
[WhiteElo "2638"]
[BlackElo "2572"]
[Annotator "Ftacnik,L"]
[PlyCount "101"]
[EventDate "2004.08.03"]
[EventType "k.o."]
[EventRounds "5"]
[EventCountry "UKR"]
[SourceTitle "CBM 103"]
[Source "ChessBase"]
[SourceDate "2004.11.11"]
[SourceVersion "1"]
[SourceVersionDate "2004.11.11"]
[SourceQuality "1"]

1. e4 c5 2. Nf3 d6 3. d4 cxd4 4. Nxd4 Nf6 5. Nc3 a6 6. Bc4 e6 7. Bb3 Nbd7 8. f4
Nc5 9. Qf3 b5 10. f5 Bd7 11. Bg5 Be7 12. e5 dxe5 13. Nc6 Bxc6 14. Qxc6+ Nfd7
15. Bxe7 Kxe7 16. fxe6 fxe6 17. Bxe6 $1 Nxe6 18. O-O-O Nd4 {[%mdl 4] Efimenko
has met dangerous white's home preparation, but he is doing his best to make
his opponent swet for the advantage.} (18... Qe8 19. Nd5+ Kf8 20. Nc7 Nxc7 21.
Rxd7 Ne6 22. Qd6+ Kg8 23. Re7 Qg6 24. Rxe6 Qxg2 25. Re1 Qg5+ 26. Kb1 Rd8 27.
Qxe5 $14 {1/2-1/2 Golubev,M-Boric,M/Kiev 1995/ (27)}) (18... Nf4 19. Rhe1 Rc8
20. Qd6+ Ke8 21. Nd5 $5 (21. Rxe5+ $13) 21... Ng6 22. Qe6+ Ne7 23. Rxe5 Nxe5
24. Nxe7 Rxc2+ $1 25. Kxc2 Qxe7 26. Qc8+ Kf7 27. Rf1+ (27. Qxh8 Nc4 $15) 27...
Kg6 28. Qf5+ Kh6 29. Qh3+ $11) 19. Nd5+ Kf7 20. Rhf1+ Nf6 (20... Kg8 21. Qxa8
$1 Qxa8 22. Ne7#) 21. Qb7+ Kg8 (21... Ke6 22. Nc7+ Kd6 23. Nxa8 Qxa8 24. Qxg7
$14) 22. Ne7+ (22. Nxf6+ gxf6 23. Rd3 Ne2+ 24. Kd1 Qc8 25. Qe7 Qe8 26. Qxe8+
Rxe8 27. Kxe2 Kf7 $11) 22... Kf8 (22... Kf7 $2 23. Nc6+ $18) 23. Nf5 $1 {
Without a spare piece black would have been flatly lost, but he puts up
serious resistance.} Rg8 24. c3 Rb8 (24... Ne2+ 25. Kc2 Qe8 26. Nd6 Qg6+ 27.
Kd2 Rd8 28. Kxe2 $18) 25. Qa7 Rc8 (25... Ra8 26. Qc5+ Kf7 27. Kb1 Nxf5 (27...
Ne6 28. Qxe5 $18) 28. Rxd8 Raxd8 29. Rxf5 $16) 26. Kb1 Qc7 (26... Rc7 27. Qxa6
Rd7 28. cxd4 exd4 29. g4 $18) 27. Qxc7 Rxc7 28. cxd4 exd4 (28... e4 29. Nd6 Ke7
30. Nxe4 Nxe4 31. Rfe1 $16) 29. Rxd4 {Volokitin might have seen this position
during his preparation, all white's pieces are better placed and a6 pawn
presents and ideal target.} Kf7 (29... Ke8 30. Rd6 Ra7 31. Re6+ Kf7 32. Nxg7
Kxg7 33. Rexf6 $16) 30. Rd6 Ra8 31. Nxg7 $1 Kxg7 32. Rdxf6 a5 (32... Rd8 33.
R6f2 $16) 33. a3 (33. h4 b4 34. h5 Rc4 35. h6+ Kg8 36. g3 Rg4 37. R1f3 $16)
33... b4 34. axb4 axb4 35. Rb6 Rc4 36. Rf3 (36. g3 Rd8 37. Rc1 Rxc1+ 38. Kxc1
Rd4 39. Kc2 $16) 36... Rh4 37. Rh3 $1 {Unusual endgame meassure, white is
sacrificing his nice pawn structure for the grab of the vital b4 pawn.} (37. h3
Rd8 38. g4 Rd4 39. Rg3 h5 40. gxh5+ Kh7 $16) 37... Rxh3 38. gxh3 Re8 (38... Ra4
39. Kc2 $16) 39. Rxb4 Re2 40. Rf4 Rxh2 41. h4 h5 42. b4 (42. Ka2 Rg2 43. Kb3
Rg4 44. Rc4 Kf6 45. Kb4 $16) 42... Rg2 43. Kc1 Ra2 (43... Rg4 $2 44. Rxg4+ hxg4
45. Kd2 $18) 44. b5 Ra5 45. Rb4 $1 {The rook behind the pawn is always very
dangerous for the enemy in rook endgames.} Kf7 46. b6 Ra8 47. b7 Rb8 48. Kd2
Ke6 49. Ke3 Kd6 50. Kf4 Kc7 51. Kg5 (51. Kg5 Rh8 52. b8=Q+ Rxb8 53. Rxb8 Kxb8
54. Kxh5 Kc7 55. Kg6 Kd7 56. h5 $18) 1-0

[Event "Candidates sf"]
[Site "Elista"]
[Date "2007.05.28"]
[Round "1.2"]
[White "Rublevsky, Sergei"]
[Black "Ponomariov, Ruslan"]
[Result "1/2-1/2"]
[WhiteElo "2680"]
[BlackElo "2717"]
[Annotator "Ftacnik,L"]
[PlyCount "82"]
[EventDate "2007.05.27"]
[EventType "k.o."]
[EventRounds "12"]
[EventCountry "RUS"]
[SourceTitle "CBM 119"]
[Source "ChessBase"]
[SourceDate "2007.08.01"]
[SourceVersion "1"]
[SourceVersionDate "2007.08.01"]
[SourceQuality "1"]

1. e4 c5 2. Nf3 d6 3. d4 cxd4 4. Nxd4 Nf6 5. Nc3 a6 6. Bc4 e6 7. Bb3 Nbd7 8.
Bg5 Qa5 9. Qd2 Be7 10. O-O-O Nc5 11. Rhe1 h6 {The extremely speedy
concentration of the white forces in the centre has one serious drawback. The
dark-squared bishop has no good square and has to be exchanged on f6.} 12. Bxf6
Bxf6 13. Kb1 Bd7 14. f4 O-O-O 15. Ncb5 $5 {Rublevsky is ready to draw some
benefit from the centralised pieces which are ready to leap into action.} Qb6 (
15... Qxd2 16. Nxd6+ Kc7 17. Rxd2 Kxd6 18. Nxe6+ Kc6 19. Nxd8+ Bxd8 (19... Rxd8
20. Bxf7 $16) 20. Bxf7 Rf8 21. Bd5+ $16) 16. Nxd6+ Qxd6 17. e5 Qc7 (17... Bxe5
18. fxe5 Qc7 19. Qf2 $14) 18. exf6 gxf6 19. Qe3 (19. g3 $2 e5 $1) 19... Kb8 20.
Bc4 Bc8 21. Be2 $6 {White's bishop is heading for the promising f3 square, but
Black can now improve his pawn structure.} (21. g3 Na4 22. Bb3 $14) 21... e5 $1
22. fxe5 fxe5 23. Nf3 (23. Nb3 Nxb3 24. axb3 Bf5 25. Bc4 Bg6 (25... h5 26.
Rxd8+ Rxd8 27. Qxe5 Rd1+ 28. Ka2 Rxe1 29. Qxe1 Bxc2 30. Qe8+ Ka7 31. Bxf7 Qa5+
32. Qa4 Qc5 $14) 26. g4 Rxd1+ 27. Rxd1 Rc8 $11) 23... Rxd1+ (23... f6 24. Rxd8
Rxd8 25. Qxh6 e4 26. Nh4 Qxh2 27. Qxf6 Rd2 $13) 24. Rxd1 f6 25. Nh4 {Rublevsky
as White has no claim to fame any more, only the black h6 pawn is really
vulnerable.} (25. Nd2 h5 26. Nc4 Be6 27. b3 $11) 25... Be6 26. Rf1 Rc8 27. g3 (
27. Rxf6 $2 Nd7 28. Rf1 Qxc2+ 29. Ka1 Qa4 (29... Bxa2 30. Qd3 $17) 30. Qa3 Qxh4
31. Qd6+ Rc7 32. Qxe6 Qf2 $1 $19) 27... Bd5 28. Bf3 (28. Rxf6 Nd7 29. Rf1 Qxc2+
30. Ka1 Bxa2 31. Kxa2 Rc5 $19) (28. b3 Be4 29. Rc1 f5 $15) 28... Na4 29. Rc1
Be6 (29... e4 30. Be2 Qe5 31. Qa3 Nc5 32. Ng6 $11) 30. Be2 Qa5 (30... Rd8 $5 {
Ponomariov must have been happy about his prospects. In retrospect it seems,
that it was probably more promising to start activating the pieces with the
quiet rook move to d8.} 31. c4 (31. Rd1 Rxd1+ 32. Bxd1 Qc4 33. b3 Nc3+ 34. Kc1
Qb4 $15) 31... Qa5 32. Qa3 Rd2 33. Rc2 Rxc2 34. Kxc2 Qe1 35. Qd3 Kc7 $15) 31.
c4 Qb4 32. Qb3 Qd2 (32... Qxb3 33. axb3 Nc5 34. Kc2 Rd8 35. Rf1 $11) 33. Qc2
Qe3 (33... Qxc2+ 34. Rxc2 Rd8 35. Kc1 $11) 34. Rf1 Nb6 35. Nf5 (35. b3 Nd5 36.
Rf3 Qg5 37. Qd3 b5 38. Rf1 $13) 35... Bxf5 36. Rxf5 Nxc4 {Taking the immediate
draw even though it was possible to trouble the opponent in the rook endgame
with an extra pawn.} (36... Qg1+ 37. Rf1 Qxh2 38. Rxf6 Nxc4 39. Bxc4 Qxc2+ 40.
Kxc2 Rxc4+ 41. Kd2 Rg4 42. Rxh6 Rxg3 43. Re6 $15) 37. Bxc4 Qe1+ 38. Qc1 Qe4+ (
38... Qxc1+ 39. Kxc1 Rxc4+ 40. Kd2 Rc6 41. Rh5 $11) 39. Qc2 Qe1+ 40. Qc1 Qe4+
41. Qc2 Qe1+ 1/2-1/2

[Event "Noyabrsk Fakel Jamala"]
[Site "Noyabrsk"]
[Date "2003.11.21"]
[Round "4"]
[White "Reutsky, Sergei"]
[Black "Shtyrenkov, Veniamen"]
[Result "1-0"]
[WhiteElo "2341"]
[BlackElo "2502"]
[Annotator "Ftacnik,L"]
[PlyCount "65"]
[EventDate "2003.11.18"]
[EventType "tourn"]
[EventRounds "11"]
[EventCountry "RUS"]
[EventCategory "10"]
[SourceTitle "CBM 099"]
[Source "ChessBase"]
[SourceDate "2004.03.30"]
[SourceVersion "1"]
[SourceVersionDate "2004.03.30"]
[SourceQuality "1"]

1. e4 c5 2. Nf3 d6 3. d4 cxd4 4. Nxd4 Nf6 5. Nc3 a6 6. Bc4 e6 7. Bb3 Nbd7 8. f4
Nc5 9. Qf3 Be7 10. O-O O-O 11. Be3 Qc7 12. Rae1 Re8 13. g4 b5 14. g5 Nfd7 15.
f5 Ne5 16. Qh5 g6 17. Qh4 Bf8 18. fxg6 hxg6 {It must be correct to keep pawn
structure compact, the forerunner game have seen more controversial 18...Nxg6.}
(18... Nxg6 19. Qh5 b4 20. Nce2 Bb7 21. Ng3 Nxe4 22. Qh3 Nxg3 23. hxg3 Bg7 24.
Re2 Be4 25. Nxe6 fxe6 26. Bxe6+ Kh8 27. Rf7 Re7 28. Qxh7+ $3 Kxh7 29. Rh2+ Nh4
30. Rxh4+ Kg6 31. Rf6+ Bxf6 32. Rh6+ {1-0 Schneider,I-Yudasin,L/New York 2001/
(32)} Kg7 $140 33. gxf6+ Kf8 34. Rh8#) 19. Bd5 (19. a3 Bb7 $11) 19... Bb7 (
19... Rb8 20. Bb3 (20. a3 Na4 21. Nxa4 bxa4 22. Ba2 Rxb2 $17) 20... Bb7 21. a3
$11) 20. Bxb7 Qxb7 (20... Nxb7 21. Nd1 Bg7 22. c3 Qc4 $11) 21. b4 Ncd7 (21...
Na4 22. Nxa4 bxa4 23. c3 $14) 22. Rf2 Rac8 23. Nce2 Nc4 $2 {[%mdl 128]
Shtyrenkov makes a wrong move with the knight away from the phantastic square
e5. He might have overlooked an ingenious attacking motive 27.Nxe6!! after the
obvious rook sacrifice on f7.} (23... Bg7 24. Ref1 d5 $1 25. exd5 (25. Qf4 dxe4
26. Ng3 Nb6 $17) 25... Qxd5 26. a3 Nc4 27. Bc1 Nd6 $15) 24. Rxf7 $1 Bg7 (24...
Kxf7 25. Qh7+ Bg7 26. Rf1+ Ke7 27. Nxe6 $3 (27. Qxg7+ $2 Kd8 $19) 27... Kxe6 (
27... Nxe3 28. Qxg7+ Kxe6 29. Nd4#) 28. Qxg7 d5 29. Bc5 Rxc5 30. bxc5 Nxc5 31.
Rf6+ Ke5 32. Rf7+ $18) 25. Rxg7+ $1 Kxg7 26. Qh6+ Kg8 (26... Kf7 27. Qh7+ Kf8
28. Rf1+ $18) 27. Qxg6+ Kh8 (27... Kf8 28. Rf1+ Ke7 29. Nxe6 $18) 28. Nxe6 {
The results for black are not positive, for an exchange white has grabbed 3
pawns and a serious attack.} Nde5 (28... Re7 29. Bd4+ Nde5 30. Rf1 Qd7 31. Qh6+
Kg8 32. Rf8+ Rxf8 33. Qxf8+ Kh7 34. g6+ Kxg6 35. N2f4+ Kh7 36. Ng5#) (28...
Rxe6 29. Qxe6 Nxe3 30. Qh3+ Kg8 31. Qxe3 $18) 29. Bd4 Qh7 30. Qf6+ Kg8 31. Bxe5
Nxe5 (31... dxe5 32. Rf1 Nd6 33. Ng3 $18) 32. N2d4 Qf7 33. Rf1 1-0

[Event "Bundesliga 0506"]
[Site "Germany"]
[Date "2006.03.11"]
[Round "12.3"]
[White "Berndt, Stephan"]
[Black "Nielsen, Peter Heine"]
[Result "1-0"]
[WhiteElo "2447"]
[BlackElo "2668"]
[Annotator "Ftacnik,L"]
[PlyCount "55"]
[EventDate "2005.10.21"]
[EventType "team-tourn"]
[EventRounds "15"]
[EventCountry "GER"]
[SourceTitle "CBM 112"]
[Source "ChessBase"]
[SourceDate "2006.06.07"]
[SourceVersion "1"]
[SourceVersionDate "2006.06.07"]
[SourceQuality "1"]
[WhiteTeam "Neukoelln"]
[BlackTeam "Baden-Baden"]
[WhiteTeamCountry "GER"]
[BlackTeamCountry "GER"]

1. e4 c5 2. Nf3 d6 3. d4 cxd4 4. Nxd4 Nf6 5. Nc3 a6 6. Bc4 e6 7. Bb3 Nbd7 8.
Qe2 b5 9. Bg5 Bb7 10. O-O-O Rc8 11. Rhe1 Rxc3 $5 {There is no limit for the
ways to sacrifice the rook for knight c3 in Sicilian defense.} (11... h6 12.
Bh4 g5 13. Bg3 Rxc3 14. bxc3 Qa5 15. f3 d5 16. Qd2 b4 17. Re3 dxe4 18. cxb4
Bxb4 19. c3 Bc5 20. Ree1 $13 {1-0 Stojanovic,D (2440)-Benderac,S (2306)/Sozina
2004/ (29)}) 12. bxc3 Qa5 13. f3 (13. Bxf6 Nxf6 14. Qf3 Be7 15. Qh3 O-O 16.
Bxe6 Nxe4 17. Rxe4 Bxe4 18. Bb3 Bf6 19. f4 b4 20. Re1 d5 21. Qd7 bxc3 22. Nc6
Qa3+ 23. Kd1 Qc5 {0-1 Hendriks,W (2360)-Mirumian,V (2490)/Groningen 1997/})
13... b4 {Nielsen could have good chances for equality after the paradoxal
opening of the center in the moment, when all white pieces are already
pointing right there.} (13... d5 $5 14. exd5 (14. Qd2 $5 dxe4 15. Nxe6 fxe6 16.
Bxe6 Nc5 17. Bxf6 gxf6 18. Bd5 Qc7 $11) 14... Ba3+ (14... Qxc3 15. Kb1 Ba3 16.
Bc1 Bxc1 17. Rxc1 Qxd4 18. dxe6 fxe6 19. Qxe6+ Kd8 20. Rcd1 Qb4 21. c3 Qa3 22.
Rd6 $13 {1-0 Buckley,S (2268)-Oswald,G (2195)/Scarborough 2001/ (48)}) 15. Kb1
Nxd5 16. Nxb5 $1 axb5 (16... O-O $6 17. Rxd5 $1 (17. c4 axb5 18. cxd5 Bxd5 19.
Bd2 $16) 17... Bxd5 18. Nxa3 Bxb3 (18... Qxa3 19. Bxd5 exd5 20. Be7 Rb8+ 21.
Bb4 Rxb4+ 22. cxb4 Qxb4+ 23. Kc1 Qa3+ 24. Kd1 $16) 19. axb3 Qxg5 20. Nc4 $16)
17. Bxd5 Qxc3 18. Bc1 Bxc1 19. Kxc1 Qa1+ 20. Kd2 Qd4+ 21. Kc1 $11) (13... Qxc3
14. Kb1 Be7 $13) 14. Qe3 bxc3 15. Kb1 Be7 (15... Nc5 16. Bxf6 gxf6 17. Ne2 $14)
16. Nf5 $3 {[%mdl 128] Berndt deserves high praise for spotting the chance to
grab the initiative with the help of a piece sacrifice.} exf5 17. exf5 Ne5 (
17... O-O 18. Qxe7 Qa3 19. Bc1 $18) 18. f4 Nc6 (18... O-O 19. fxe5 Ng4 20. Qc1
Bxg5 21. Qxg5 h6 22. Qf4 dxe5 23. Qg3 $16) (18... Ne4 19. Bxe7 Qa3 20. Qc1 Nd2+
21. Ka1 Qxc1+ 22. Rxc1 Kxe7 23. fxe5 $16) 19. Bxf6 gxf6 20. Rd5 (20. Rd3 d5 21.
Rxd5 Qc7 22. Rc5 O-O 23. Rxc6 Bxc6 24. Qxe7 Qxf4 25. Qxf6 Qd2 26. Qe5 Re8 27.
Qg3+ Kf8 28. Rxe8+ Bxe8 29. a3 $16) 20... Qb4 $6 {It seems to be much more
logical to return back with a queen enhancing defensive chances.} (20... Qc7 $5
21. Rd3 d5 (21... O-O 22. Qe2 $1 d5 23. Qg4+ Kh8 24. Rg3 $18) 22. Bxd5 (22.
Rxc3 Qd6 23. Ba4 d4 24. Bxc6+ Kf8 25. Qxe7+ Qxe7 26. Rxe7 Kxe7 27. Rc4 Rc8 28.
Bd5 Rxc4 29. Bxc4 Bxg2 30. Bxa6 $16) 22... O-O 23. Ka1 (23. Qg3+ Kh8 24. Qh4
Qa5 25. Rh3 (25. Qxh7+ $5 Kxh7 26. Rh3+ Kg7 27. Rg3+ $11) 25... Qb5+ 26. Bb3
Qxf5 $17) 23... Rd8 24. Bxf7+ Kh8 (24... Kxf7 25. Qe6+ Kg7 26. Rg3+ Kh8 27. Qf7
$18) 25. Rxd8+ Qxd8 26. Bb3 $14) 21. a3 $1 Qxa3 22. Qxc3 Kf8 (22... Qb4 23.
Qxb4 Nxb4 24. Rxd6 Nc6 (24... Bxg2 25. Rd2 Bf3 26. c3 Nc6 27. Ba4 Kf8 28. Re3
Bh1 29. Rd7 Bc5 30. Re1 Bf3 31. Bxc6 Bxc6 32. Rc7 Bf2 33. Re2 $18) 25. Rxf6 O-O
26. Rxc6 Bxc6 27. Rxe7 Bxg2 28. f6 $18) 23. Re4 $1 Ne5 (23... Kg7 24. Ra4 $18)
24. fxe5 dxe5 (24... Bxd5 25. Qc8+ Kg7 26. Rg4+ Kh6 27. Qc3 $18) 25. Qc7 $1 {
White finishes the game in a great style, black king will be haunted to the
mate.} (25. Ra4 Qxa4 26. Bxa4 Bxd5 27. Qd3 Bxg2 28. Qd7 $18) 25... Bxd5 (25...
h5 26. Qxb7 $18) 26. Qc8+ Kg7 27. Rg4+ Kh6 28. Qc3 $1 (28. Qc3 $1 Bxg2 29. Rxg2
$18) (28. Qxh8 Qc5 29. Qg7+ Kh5 30. Rg3 Qg1+ 31. Ka2 Bxb3+ 32. Rxb3 $18) 1-0